Online
Catalog

Consideraciones sobre el gobierno representativo / (Record no. 22850)

MARC details
000 -CABECERA
campo de control de longitud fija 00991nam a2200265 a 4500
001 - NÚMERO DE CONTROL
campo de control 000023353
005 - FECHA Y HORA DE LA ÚLTIMA TRANSACCIÓN
campo de control 20260225120647.0
008 - DATOS DE LONGITUD FIJA--INFORMACIÓN GENERAL
campo de control de longitud fija 101202s1991 mx 001 | spa d
020 ## - NÚMERO INTERNACIONAL ESTÁNDAR DEL LIBRO
Número Internacional Estándar del Libro 9686599126
040 ## - FUENTE DE LA CATALOGACIÓN
Centro catalogador/agencia de origen DO-SdBNP
Lengua de catalogación spa
Centro/agencia transcriptor BNPHU
041 17 - CÓDIGO DE LENGUA
Código de lengua del texto/banda sonora o título independiente spa
Código de lengua original eng
Fuente del código Código de idioma MARC
082 ## - NÚMERO DE LA CLASIFICACIÓN DECIMAL DEWEY
Número de clasificación 320
Número de documento/Ítem M645c
049 ## - FONDOS LOCALES (OCLC)
Fondos de biblioteca BNGR
100 1# - ENTRADA PRINCIPAL--NOMBRE DE PERSONA
Nombre de persona Mill, John Stuart,
Fechas asociadas al nombre 1806-1873
9 (RLIN) 45023
240 10 - TÍTULO UNIFORME
Título uniforme Considerations on Representative Government.
Lenguaje de la obra Español.
245 10 - MENCIÓN DE TÍTULO
Título Consideraciones sobre el gobierno representativo /
Mención de responsabilidad, etc. John Stuart Mill ; edición al cuidado María Elsa López Paniagua.
260 ## - PUBLICACIÓN, DISTRIBUCIÓN, ETC.
Lugar de publicación, distribución, etc. México :
Nombre del editor, distribuidor, etc. Gernika,
Fecha de publicación, distribución, etc. 1991.
300 ## - DESCRIPCIÓN FÍSICA
Extensión 408 p. ;
Dimensiones 17 cm.
490 1# - MENCIÓN DE SERIE
Mención de serie Clásicos Ciencia Política
Designación de volumen o secuencia 3
534 ## - NOTA SOBRE LA VERSIÓN ORIGINAL
Encabezamiento principal del original Título original en inglés:
Mención de título del original Considerations on Representative Government.
650 #0 - PUNTO DE ACCESO ADICIONAL DE MATERIA--TÉRMINO DE MATERIA
Término de materia o nombre geográfico como elemento de entrada Ciencia política
9 (RLIN) 5772
650 #0 - PUNTO DE ACCESO ADICIONAL DE MATERIA--TÉRMINO DE MATERIA
Término de materia o nombre geográfico como elemento de entrada Condición social
9 (RLIN) 31063
700 1# - PUNTO DE ACCESO ADICIONAL--NOMBRE DE PERSONA
Nombre de persona López Paniagua, María Elsa,
Término indicativo de función/relación ed.
9 (RLIN) 44716
830 #0 - PUNTO DE ACCESO ADICIONAL DE SERIE-TÍTULO UNIFORME
Título uniforme Clásicos Ciencia Política ;
Designación de volumen o secuencia 3
9 (RLIN) 48107
Holdings
Estado de retiro Estado de pérdida Restricciones de uso No para préstamo Código de colección Localización permanente Ubicación/localización actual Ubicación en estantería Fecha de adquisición Número de inventario Total de préstamos Signatura topográfica completa Código de barras Fecha visto por última vez Precio válido a partir de Tipo de ítem Koha Número de copia
      Excluido de préstamo Monografías: Libros y Folletos General General Depósito 02.12.2010 LF1   320 M645c 23353-10 25.06.2020 25.06.2020 No se presta  
      Excluido de préstamo Monografías: Libros y Folletos General General Depósito 30.01.2015 LF1   320 M645c 23353-20 25.06.2020 25.06.2020 No se presta e. 2

Powered by Koha